Welcome to WEB OPAC of MRSPTU Central Library

Bharat Aur Usaki Samasyayen (भारत और उसकी समस्याएँ) (Record no. 10136)

MARC details
000 -LEADER
fixed length control field 00462nam a22001457a 4500
003 - CONTROL NUMBER IDENTIFIER
control field OSt
005 - DATE AND TIME OF LATEST TRANSACTION
control field 20240425114624.0
008 - FIXED-LENGTH DATA ELEMENTS--GENERAL INFORMATION
fixed length control field 240425b |||||||| |||| 00| 0 eng d
040 ## - CATALOGING SOURCE
Transcribing agency MRSPTU
100 ## - MAIN ENTRY--PERSONAL NAME
Personal name Vivekananda, Swami (विवेकानन्द, स्वामी)
245 ## - TITLE STATEMENT
Title Bharat Aur Usaki Samasyayen (भारत और उसकी समस्याएँ)
260 ## - PUBLICATION, DISTRIBUTION, ETC.
Place of publication, distribution, etc. Nagpur
Name of publisher, distributor, etc. Ram Krishan Muth
Date of publication, distribution, etc. 2018
300 ## - PHYSICAL DESCRIPTION
Extent 100
942 ## - ADDED ENTRY ELEMENTS (KOHA)
Source of classification or shelving scheme Dewey Decimal Classification
Koha item type Book
Suppress in OPAC No
Holdings
Withdrawn status Lost status Source of classification or shelving scheme Damaged status Not for loan Collection Home library Current library Date acquired Total checkouts Barcode Date last seen Price effective from Koha item type
    Dewey Decimal Classification     BK MRSPTU Central Library MRSPTU Central Library 04/25/2024   G-340 04/25/2024 04/25/2024 Book

Website Designed and Developed by MRSPTU Central Library Team

E-mail Id: librarian@mrsptu.ac.in